ပပ်ႉထမ်ႇမတြႃး သတ်ႉၸႃႇသၽႃႇဝ / (Record no. 26472)

000 -LEADER
fixed length control field 00920nam a22002177a 4500
003 - CONTROL NUMBER IDENTIFIER
control field OSt
005 - DATE AND TIME OF LATEST TRANSACTION
control field 20260127160300.0
008 - FIXED-LENGTH DATA ELEMENTS--GENERAL INFORMATION
fixed length control field 230628b ||||| |||| 00| 0 eng d
040 ## - CATALOGING SOURCE
Transcribing agency SSBUL
041 ## - LANGUAGE CODE
Language code of text/sound track or separate title Shan
082 ## - DEWEY DECIMAL CLASSIFICATION NUMBER
Edition number 23
Classification number 294.3443
100 0# - MAIN ENTRY--PERSONAL NAME
Personal name ဝုၼ်းၸုမ်ႉ၊
Titles and words associated with a name ၸဝ်ႈၶူးဝႃးပေႃႈသိၼ်ထမ်း။
245 10 - TITLE STATEMENT
Title ပပ်ႉထမ်ႇမတြႃး သတ်ႉၸႃႇသၽႃႇဝ /
Statement of responsibility, etc. ပိၼ်ႇပဵၼ်လိၵ်ႈသဵင်တႅတ်ႈ - ၸဝ်ႈသြႃႇသုဝရ(မၢဝ်းၶမ်း)။
260 ## - PUBLICATION, DISTRIBUTION, ETC.
Place of publication, distribution, etc. ဝဵင်းလိူဝ်ႇ၊
Name of publisher, distributor, etc. ဢွင်ႇသပေႇ၊
Date of publication, distribution, etc. 2018 ။
300 ## - PHYSICAL DESCRIPTION
Extent 170 ၼႃႈ၊
Dimensions 25 ၸိၼ်ႇတီႇ။
500 ## - GENERAL NOTE
General note S-SAT: Dr. Prof Sai Aung Tun
650 ## - SUBJECT ADDED ENTRY--TOPICAL TERM
Topical term or geographic name entry element တြႃးၽြႃးပဵၼ်ၸဝ်ႈ
942 ## - ADDED ENTRY ELEMENTS (KOHA)
Koha item type Books (Long term)
100 0# - MAIN ENTRY--PERSONAL NAME
9 (RLIN) 26949
Source of classification or shelving scheme
Source of classification or shelving scheme
Holdings
Withdrawn status Lost status Source of classification or shelving scheme Damaged status Not for loan Collection Code Permanent Location Current Location Shelving location Date acquired Total Checkouts Full call number Barcode Date last seen Copy number Price effective from Koha item type Accession
          Tai Collection Shan State Buddhist University Library Shan State Buddhist University Library Tai Shelves 28/06/2023   294.3443 ဝုၼ်း ႑႑႓႕(1) SH00001135 28/06/2023 1 28/06/2023 Books (Long term) ႑႑႓႕(1)
          Tai Collection Shan State Buddhist University Library Shan State Buddhist University Library Tai Shelves 28/06/2023   294.3443 ဝုၼ်း ႑႑႓႖(2) SH00001136 28/06/2023 2 28/06/2023 Books (Long term) ႑႑႓႖(2)
          Tai Collection Shan State Buddhist University Library Shan State Buddhist University Library Tai Shelves 28/06/2023   294.3443 ဝုၼ်း ႑႑႓႗(3) SH00001137 28/06/2023 3 28/06/2023 Books (Long term) ႑႑႓႗(3)
          Tai Collection Shan State Buddhist University Library Shan State Buddhist University Library Tai Shelves 28/06/2023   294.3443 ဝုၼ်း ႒႐႗႙(4) SH00002079 28/06/2023 4 28/06/2023 Books (Long term) ႒႐႗႙(4)
          Special Collections Shan State Buddhist University Library Shan State Buddhist University Library Special Collection Shelves 28/06/2023   294.3443 ဝုၼ်း ႒႕႐႑(1) S-SAT SH00002501 28/06/2023 5 28/06/2023 Book (Short term) ႒႕႐႑(1) S-SAT
          Special Collections Shan State Buddhist University Library Shan State Buddhist University Library Special Collection Shelves 28/06/2023   294.3443 ဝုၼ်း ႒႕႐႒(2) S-SAT SH00002502 28/06/2023 6 28/06/2023 Book (Short term) ႒႕႐႒(2) S-SAT
          Special Collections Shan State Buddhist University Library Shan State Buddhist University Library Special Collection Shelves 28/06/2023   294.3443 ဝုၼ်း ႒႕႐႓(3) S-SAT SH00002503 28/06/2023 7 28/06/2023 Book (Short term) ႒႕႐႓(3) S-SAT
          Tai Collection Shan State Buddhist University Library Shan State Buddhist University Library Tai Shelves 10/10/2023   294.3443 ဝုၼ်း ႒႘႙႐(5) SH00002890 10/10/2023 8 10/10/2023 Books (Long term) ႒႘႙႐(5)

Library - 09407999929
Admin Office - 09407999979
Dean Office - 09250910768
Registrar Office - 09892297154
Email - [email protected]
Shan State Buddhist University, Phaya Phyu Taunggyi, Shan State, Myanmar.